|
000
|
01142nam0 2200289 45
|
|
001
|
012016000000
|
|
005
|
20160324121212.0
|
|
010
|
|
@a978-7-111-49656-4@dCNY39.90
|
|
100
|
|
@a20160324d2015 em y0chiy50 ea
|
|
101
|
0
|
@achi
|
|
102
|
|
@aCN@b110000
|
|
105
|
|
@ay a 000yy
|
|
106
|
|
@ar
|
|
200
|
1
|
@a数据库原理及应用@Ashu ju ku yuan li ji ying yong@f陆鑫, 王雁东, 胡旺编著
|
|
210
|
|
@a北京@c机械工业出版社@d2015
|
|
215
|
|
@a292页@d26cm
|
|
225
|
2
|
@a高等院校软件工程专业规划教材@Agao deng yuan xiao ruan jian gong cheng zhuan ye gui hua jiao cai
|
|
320
|
|
@a有书目 (第292页)
|
|
330
|
|
@a本书从理论与实际应用相结合的角度出发,介绍数据库原理及应用的基础知识与技术,包括数据库系统概述、关系数据库理论原理、数据库SQL操作语言、数据库设计技术、数据库管理技术方法以及基本数据库应用编程技术。
|
|
410
|
0
|
@12001 @a高等院校软件工程专业规划教材
|
|
606
|
0
|
@a数据库系统@Ashu ju ku xi tong@x高等学校@j教材
|
|
690
|
|
@aTP311.1@v5
|
|
701
|
0
|
@a陆鑫@Alu xin@4编著
|
|
701
|
0
|
@a王雁东@Awang yan dong@4编著
|
|
701
|
0
|
@a胡旺@Ahu wang@4编著
|
|
801
|
0
|
@aCN@bCDNYKJZYXY@c20160324
|
|
905
|
|
@aCDNYKJZYXY@b486833-5@dTP311.1@e385@f3
|
|
|
|
|
| |
| 数据库原理及应用/陆鑫, 王雁东, 胡旺编著.-北京:机械工业出版社,2015 |
| 292页;26cm.-(高等院校软件工程专业规划教材) |
| |
| |
| ISBN 978-7-111-49656-4:CNY39.90 |
| 本书从理论与实际应用相结合的角度出发,介绍数据库原理及应用的基础知识与技术,包括数据库系统概述、关系数据库理论原理、数据库SQL操作语言、数据库设计技术、数据库管理技术方法以及基本数据库应用编程技术。 |
| ● |
正题名:数据库原理及应用
索取号:TP311.1/385
 
预约/预借
| 序号
|
登录号
|
条形码
|
馆藏地/架位号
|
状态
|
备注
|
|
1
|
486833
|
300486833
|
柳城-4楼/61架8列6层/
[索取号:TP311.1/385]
|
在馆
|
|
|
2
|
486834
|
300486834
|
柳城-4楼/61架8列6层/
[索取号:TP311.1/385]
|
在馆
|
|
|
3
|
486835
|
300486835
|
柳城-4楼/61架8列6层/
[索取号:TP311.1/385]
|
在馆
|
|